<?xml version="1.0" encoding="UTF-8"?>
<record
    xmlns:xsi="http://www.w3.org/2001/XMLSchema-instance"
    xsi:schemaLocation="http://www.loc.gov/MARC21/slim http://www.loc.gov/standards/marcxml/schema/MARC21slim.xsd"
    xmlns="http://www.loc.gov/MARC21/slim">

  <leader>00221nam a2200097Ia 4500</leader>
  <controlfield tag="008">170620s9999    xx            000 0 und d</controlfield>
  <datafield tag="100" ind1=" " ind2=" ">
    <subfield code="a">Chaurasia-B.D</subfield>
  </datafield>
  <datafield tag="245" ind1=" " ind2="0">
    <subfield code="a">Handbook of general anatomy</subfield>
  </datafield>
  <datafield tag="260" ind1=" " ind2=" ">
    <subfield code="b">Delhi: cbs</subfield>
  </datafield>
  <datafield tag="260" ind1=" " ind2=" ">
    <subfield code="c">2005</subfield>
  </datafield>
  <datafield tag="300" ind1=" " ind2=" ">
    <subfield code="a">191</subfield>
  </datafield>
  <datafield tag="999" ind1=" " ind2=" ">
    <subfield code="c">27684</subfield>
    <subfield code="d">27684</subfield>
  </datafield>
  <datafield tag="952" ind1=" " ind2=" ">
    <subfield code="0">0</subfield>
    <subfield code="1">0</subfield>
    <subfield code="2">ddc</subfield>
    <subfield code="4">0</subfield>
    <subfield code="7">0</subfield>
    <subfield code="a">17</subfield>
    <subfield code="b">17</subfield>
    <subfield code="d">2017-07-01</subfield>
    <subfield code="l">0</subfield>
    <subfield code="p">17-B-1713</subfield>
    <subfield code="r">2017-07-01</subfield>
    <subfield code="w">2017-07-01</subfield>
    <subfield code="y">01</subfield>
  </datafield>
  <datafield tag="952" ind1=" " ind2=" ">
    <subfield code="0">0</subfield>
    <subfield code="1">0</subfield>
    <subfield code="2">ddc</subfield>
    <subfield code="4">0</subfield>
    <subfield code="7">0</subfield>
    <subfield code="a">17</subfield>
    <subfield code="b">17</subfield>
    <subfield code="d">2017-07-01</subfield>
    <subfield code="l">0</subfield>
    <subfield code="p">17-B-1714</subfield>
    <subfield code="r">2017-07-01</subfield>
    <subfield code="w">2017-07-01</subfield>
    <subfield code="y">01</subfield>
  </datafield>
  <datafield tag="952" ind1=" " ind2=" ">
    <subfield code="0">0</subfield>
    <subfield code="1">0</subfield>
    <subfield code="2">ddc</subfield>
    <subfield code="4">0</subfield>
    <subfield code="7">0</subfield>
    <subfield code="a">17</subfield>
    <subfield code="b">17</subfield>
    <subfield code="d">2017-07-01</subfield>
    <subfield code="l">0</subfield>
    <subfield code="p">17-B-1715</subfield>
    <subfield code="r">2017-07-01</subfield>
    <subfield code="w">2017-07-01</subfield>
    <subfield code="y">01</subfield>
  </datafield>
  <datafield tag="952" ind1=" " ind2=" ">
    <subfield code="0">0</subfield>
    <subfield code="1">0</subfield>
    <subfield code="2">ddc</subfield>
    <subfield code="4">0</subfield>
    <subfield code="7">0</subfield>
    <subfield code="a">17</subfield>
    <subfield code="b">17</subfield>
    <subfield code="d">2017-07-01</subfield>
    <subfield code="l">0</subfield>
    <subfield code="p">17-B-1716</subfield>
    <subfield code="r">2017-07-01</subfield>
    <subfield code="w">2017-07-01</subfield>
    <subfield code="y">01</subfield>
  </datafield>
  <datafield tag="952" ind1=" " ind2=" ">
    <subfield code="0">0</subfield>
    <subfield code="1">0</subfield>
    <subfield code="2">ddc</subfield>
    <subfield code="4">0</subfield>
    <subfield code="7">0</subfield>
    <subfield code="a">17</subfield>
    <subfield code="b">17</subfield>
    <subfield code="d">2017-07-01</subfield>
    <subfield code="l">2</subfield>
    <subfield code="p">17-B-1717</subfield>
    <subfield code="r">2024-07-03</subfield>
    <subfield code="s">2024-05-14</subfield>
    <subfield code="w">2017-07-01</subfield>
    <subfield code="y">01</subfield>
  </datafield>
  <datafield tag="952" ind1=" " ind2=" ">
    <subfield code="0">0</subfield>
    <subfield code="1">0</subfield>
    <subfield code="2">ddc</subfield>
    <subfield code="4">0</subfield>
    <subfield code="7">0</subfield>
    <subfield code="a">17</subfield>
    <subfield code="b">17</subfield>
    <subfield code="d">2017-07-01</subfield>
    <subfield code="l">0</subfield>
    <subfield code="p">17-B-1718</subfield>
    <subfield code="r">2017-07-01</subfield>
    <subfield code="w">2017-07-01</subfield>
    <subfield code="y">01</subfield>
  </datafield>
  <datafield tag="952" ind1=" " ind2=" ">
    <subfield code="0">0</subfield>
    <subfield code="1">0</subfield>
    <subfield code="2">ddc</subfield>
    <subfield code="4">0</subfield>
    <subfield code="7">0</subfield>
    <subfield code="a">17</subfield>
    <subfield code="b">17</subfield>
    <subfield code="d">2017-07-01</subfield>
    <subfield code="l">0</subfield>
    <subfield code="p">17-B-1719</subfield>
    <subfield code="r">2017-07-01</subfield>
    <subfield code="w">2017-07-01</subfield>
    <subfield code="y">01</subfield>
  </datafield>
  <datafield tag="952" ind1=" " ind2=" ">
    <subfield code="0">0</subfield>
    <subfield code="1">0</subfield>
    <subfield code="2">ddc</subfield>
    <subfield code="4">0</subfield>
    <subfield code="7">0</subfield>
    <subfield code="a">17</subfield>
    <subfield code="b">17</subfield>
    <subfield code="d">2017-07-01</subfield>
    <subfield code="l">0</subfield>
    <subfield code="p">17-B-1720</subfield>
    <subfield code="r">2017-07-01</subfield>
    <subfield code="w">2017-07-01</subfield>
    <subfield code="y">01</subfield>
  </datafield>
  <datafield tag="952" ind1=" " ind2=" ">
    <subfield code="0">0</subfield>
    <subfield code="1">0</subfield>
    <subfield code="2">ddc</subfield>
    <subfield code="4">0</subfield>
    <subfield code="7">0</subfield>
    <subfield code="a">17</subfield>
    <subfield code="b">17</subfield>
    <subfield code="d">2017-07-01</subfield>
    <subfield code="l">0</subfield>
    <subfield code="p">17-B-1721</subfield>
    <subfield code="r">2017-07-01</subfield>
    <subfield code="w">2017-07-01</subfield>
    <subfield code="y">01</subfield>
  </datafield>
  <datafield tag="952" ind1=" " ind2=" ">
    <subfield code="0">0</subfield>
    <subfield code="1">0</subfield>
    <subfield code="2">ddc</subfield>
    <subfield code="4">0</subfield>
    <subfield code="7">0</subfield>
    <subfield code="a">17</subfield>
    <subfield code="b">17</subfield>
    <subfield code="d">2017-07-01</subfield>
    <subfield code="l">0</subfield>
    <subfield code="p">17-B-1722</subfield>
    <subfield code="r">2017-07-01</subfield>
    <subfield code="w">2017-07-01</subfield>
    <subfield code="y">01</subfield>
  </datafield>
  <datafield tag="952" ind1=" " ind2=" ">
    <subfield code="0">0</subfield>
    <subfield code="1">0</subfield>
    <subfield code="2">ddc</subfield>
    <subfield code="4">0</subfield>
    <subfield code="7">0</subfield>
    <subfield code="a">17</subfield>
    <subfield code="b">17</subfield>
    <subfield code="d">2017-07-01</subfield>
    <subfield code="l">1</subfield>
    <subfield code="p">17-B-1723</subfield>
    <subfield code="r">2024-09-09</subfield>
    <subfield code="s">2024-09-02</subfield>
    <subfield code="w">2017-07-01</subfield>
    <subfield code="y">01</subfield>
  </datafield>
  <datafield tag="952" ind1=" " ind2=" ">
    <subfield code="0">0</subfield>
    <subfield code="1">0</subfield>
    <subfield code="2">ddc</subfield>
    <subfield code="4">0</subfield>
    <subfield code="7">0</subfield>
    <subfield code="a">17</subfield>
    <subfield code="b">17</subfield>
    <subfield code="d">2017-07-01</subfield>
    <subfield code="l">0</subfield>
    <subfield code="p">17-B-1724</subfield>
    <subfield code="r">2017-07-01</subfield>
    <subfield code="w">2017-07-01</subfield>
    <subfield code="y">01</subfield>
  </datafield>
  <datafield tag="952" ind1=" " ind2=" ">
    <subfield code="0">0</subfield>
    <subfield code="1">0</subfield>
    <subfield code="2">ddc</subfield>
    <subfield code="4">0</subfield>
    <subfield code="7">0</subfield>
    <subfield code="a">17</subfield>
    <subfield code="b">17</subfield>
    <subfield code="d">2017-07-01</subfield>
    <subfield code="l">1</subfield>
    <subfield code="p">17-B-1725</subfield>
    <subfield code="r">2023-07-08</subfield>
    <subfield code="s">2019-05-23</subfield>
    <subfield code="w">2017-07-01</subfield>
    <subfield code="y">01</subfield>
  </datafield>
  <datafield tag="952" ind1=" " ind2=" ">
    <subfield code="0">0</subfield>
    <subfield code="1">0</subfield>
    <subfield code="2">ddc</subfield>
    <subfield code="4">0</subfield>
    <subfield code="7">0</subfield>
    <subfield code="a">17</subfield>
    <subfield code="b">17</subfield>
    <subfield code="d">2017-07-01</subfield>
    <subfield code="l">0</subfield>
    <subfield code="p">17-B-1726</subfield>
    <subfield code="r">2017-07-01</subfield>
    <subfield code="w">2017-07-01</subfield>
    <subfield code="y">01</subfield>
  </datafield>
  <datafield tag="952" ind1=" " ind2=" ">
    <subfield code="0">0</subfield>
    <subfield code="1">0</subfield>
    <subfield code="2">ddc</subfield>
    <subfield code="4">0</subfield>
    <subfield code="7">0</subfield>
    <subfield code="a">17</subfield>
    <subfield code="b">17</subfield>
    <subfield code="d">2017-07-01</subfield>
    <subfield code="l">1</subfield>
    <subfield code="p">17-B-1727</subfield>
    <subfield code="r">2024-05-31</subfield>
    <subfield code="s">2024-05-31</subfield>
    <subfield code="w">2017-07-01</subfield>
    <subfield code="y">01</subfield>
  </datafield>
  <datafield tag="952" ind1=" " ind2=" ">
    <subfield code="0">0</subfield>
    <subfield code="1">0</subfield>
    <subfield code="2">ddc</subfield>
    <subfield code="4">0</subfield>
    <subfield code="7">0</subfield>
    <subfield code="a">17</subfield>
    <subfield code="b">17</subfield>
    <subfield code="d">2017-07-01</subfield>
    <subfield code="l">1</subfield>
    <subfield code="m">1</subfield>
    <subfield code="p">17-B-1728</subfield>
    <subfield code="r">2020-03-06</subfield>
    <subfield code="s">2020-02-26</subfield>
    <subfield code="w">2017-07-01</subfield>
    <subfield code="y">01</subfield>
  </datafield>
  <datafield tag="952" ind1=" " ind2=" ">
    <subfield code="0">0</subfield>
    <subfield code="1">0</subfield>
    <subfield code="2">ddc</subfield>
    <subfield code="4">0</subfield>
    <subfield code="7">0</subfield>
    <subfield code="a">17</subfield>
    <subfield code="b">17</subfield>
    <subfield code="d">2017-07-01</subfield>
    <subfield code="l">1</subfield>
    <subfield code="m">1</subfield>
    <subfield code="p">17-B-1729</subfield>
    <subfield code="r">2020-02-25</subfield>
    <subfield code="s">2020-02-14</subfield>
    <subfield code="w">2017-07-01</subfield>
    <subfield code="y">02</subfield>
  </datafield>
  <datafield tag="952" ind1=" " ind2=" ">
    <subfield code="0">0</subfield>
    <subfield code="1">0</subfield>
    <subfield code="2">ddc</subfield>
    <subfield code="4">0</subfield>
    <subfield code="7">0</subfield>
    <subfield code="a">17</subfield>
    <subfield code="b">17</subfield>
    <subfield code="d">2017-07-01</subfield>
    <subfield code="l">1</subfield>
    <subfield code="p">17-B-1730</subfield>
    <subfield code="r">2025-01-07</subfield>
    <subfield code="s">2025-01-01</subfield>
    <subfield code="w">2017-07-01</subfield>
    <subfield code="y">01</subfield>
  </datafield>
  <datafield tag="952" ind1=" " ind2=" ">
    <subfield code="0">0</subfield>
    <subfield code="1">0</subfield>
    <subfield code="2">ddc</subfield>
    <subfield code="4">0</subfield>
    <subfield code="7">0</subfield>
    <subfield code="a">17</subfield>
    <subfield code="b">17</subfield>
    <subfield code="d">2017-07-01</subfield>
    <subfield code="l">0</subfield>
    <subfield code="p">17-B-1731</subfield>
    <subfield code="r">2017-07-01</subfield>
    <subfield code="w">2017-07-01</subfield>
    <subfield code="y">01</subfield>
  </datafield>
  <datafield tag="952" ind1=" " ind2=" ">
    <subfield code="0">0</subfield>
    <subfield code="1">0</subfield>
    <subfield code="2">ddc</subfield>
    <subfield code="4">0</subfield>
    <subfield code="7">0</subfield>
    <subfield code="a">17</subfield>
    <subfield code="b">17</subfield>
    <subfield code="d">2017-07-01</subfield>
    <subfield code="l">0</subfield>
    <subfield code="p">17-B-1732</subfield>
    <subfield code="r">2024-05-07</subfield>
    <subfield code="w">2017-07-01</subfield>
    <subfield code="y">01</subfield>
  </datafield>
</record>
